| 000 | 00526nam a2200133Ia 4500 | ||
|---|---|---|---|
| 008 | 171212s9999 xx 000 0 und d | ||
| 020 | _a9780833038142 | ||
| 100 | _aJones, Seth G.;Wilson, Jeremy M.;Rathmell, Andrew;Riley, K. Jack | ||
| 245 |
_cJones, Seth G.;Wilson, Jeremy M.;Rathmell, Andrew;Riley, K. Jack _aEstablishing Law and Order After Conflict |
||
| 260 |
_bRAND Corporation _c2005 |
||
| 650 | _aLaw | ||
| 650 | _aLaw enforcement; Criminal justice, Administration of | ||
| 856 | _uwww.jstor.org/stable/10.7249/mg374rc | ||
| 999 |
_c352016 _d352016 |
||